000 00825cab a2200265 4500
001 ABS56243
008 090401t1996 xxu||||| |||| 00| 0 eng d
035 _a(Sirsi) u22187
041 _aeng
100 _aThompson, P.
245 _aModelling evacuation in multi-storey buildings with Simulex
260 _c1996
350 _a0
490 _aFire Engineers' Journal
_v56(185) November 1996, 6-11(6)
520 _aDescribes a software package which can simulate the evacuation of large numbers of people through multi-storey buildings.
650 _aFIRE EVACUATION
650 _aSIMULEX
650 _aSOFTWARE PACKAGES
690 _aBUILT ENVIRONMENT-BUILDING STANDARDS
690 _aOFFICE SERVICES AND ADMINISTRATION
700 _aWu, J.
700 _aMarchant, E.
942 _n0
948 _c04/03/1997
999 _c14860
_d14860